[Event "BLR-ch Women 2020"]
[Site "Minsk"]
[Date "2020.10.23"]
[Round "6.3"]
[White "Poliakova, Varvara"]
[Black "Tarasenka, Aliaksandra"]
[Result "0-1"]
[WhiteElo "1952"]
[BlackElo "2070"]
[Annotator "ChessBase"]
[PlyCount "94"]
[EventDate "2020.10.18"]
[EventType "tourn"]
[EventCountry "BLR"]
[SourceTitle "playchess.com"]
[Source "ChessBase"]
[SourceQuality "1"]
[TimeControl "40/5400+30:1800+30"]

1. e4 {[%emt 0:01:17]} c5 {[%emt 0:00:00]} 2. Nf3 {[%emt 0:00:09]} Nc6 {[%emt 0:00:00]} 3. d4 {[%emt 0:00:05]} cxd4 {[%emt 0:00:00]} 4. Nxd4 {[%emt 0:00:03]} Nf6 {[%emt 0:00:00]} 5. Nc3 {[%emt 0:01:39]} e5 {[%emt 0:00:09]} 6. Nb3 {[%emt 0:06:10]} Bb4 {[%emt 0:01:16]} 7. Bc4 {[%emt 0:07:45]} O-O {[%emt 0:12:29]} 8. Qd3 {[%emt 0:04:06]} d5 {[%emt 0:21:10]} 9. Bxd5 {[%emt 0:07:51]} Nxd5 {[%emt 0:01:05]} 10. exd5 {[%emt 0:01:44]} Ne7 {[%emt 0:01:41]} 11. Bd2 {[%emt 0:05:12]} Bf5 {[%emt 0:02:57]} 12. Ne4 {[%emt 0:12:44]} Bxd2+ {[%emt 0:05:53]} 13. Nbxd2 {[%emt 0:00:06]} Nxd5 {[%emt 0:03:49]} 14. O-O {[%emt 0:01:47]} Rc8 {[%emt 0:02:42]} 15. Rfd1 {[%emt 0:07:16]} Nf4 {[%emt 0:06:54]} 16. Qb5 {[%emt 0:05:44]} Qc7 {[%emt 0:03:31]} 17. Rac1 {[%emt 0:05:04]} a6 {[%emt 0:03:30]} 18. Qf1 {[%emt 0:00:12]} Qc6 {[%emt 0:02:35]} 19. Re1 {[%emt 0:06:12]} Rfd8 {[%emt 0:05:32]} 20. Re3 {[%emt 0:03:41]} Rd4 {[%emt 0:05:27]} 21. f3 {[%emt 0:09:11]} Qg6 {[%emt 0:05:42]} 22. Kh1 {[%emt 0:01:26]} Qh6 {[%emt 0:00:40]} 23. Rc3 {[%emt 0:01:25]} Rcd8 {[%emt 0:00:56]} 24. Ng3 {[%emt 0:03:21]} Bh3 {[%emt 0:03:13]} 25. gxh3 {[%emt 0:00:05]} Rxd2 {[%emt 0:00:05]} 26. Re1 {[%emt 0:01:47]} g6 {[%emt 0:02:47]} 27. Rc7 {[%emt 0:03:52]} Nxh3 {[%emt 0:02:50]} 28. Ne4 {[%emt 0:00:24]} Nf4 {[%emt 0:01:46]} 29. Nxd2 {[%emt 0:00:38]} Rxd2 {[%emt 0:00:07]} 30. Qg1 {[%emt 0:00:28]} Rg2 {[%emt 0:03:02]} 31. Qxg2 {[%emt 0:00:05]} Nxg2 {[%emt 0:00:04]} 32. Kxg2 {[%emt 0:00:05]} Qd2+ {[%emt 0:00:11]} 33. Kf1 {[%emt 0:00:04]} Qxh2 {[%emt 0:00:26]} 34. Rc3 {[%emt 0:03:13]} h5 {[%emt 0:00:33]} 35. Rce3 {[%emt 0:01:00]} h4 {[%emt 0:01:15]} 36. R3e2 {[%emt 0:00:38]} Qg3 {[%emt 0:00:37]} 37. Rf2 {[%emt 0:00:13]} h3 {[%emt 0:01:00]} 38. Ke2 {[%emt 0:00:10]} Qf4 {[%emt 0:00:33]} 39. Rh1 {[%emt 0:00:49]} Qc4+ {[%emt 0:00:15]} 40. Kd1 {[%emt 0:00:00]} Qxa2 {[%emt 0:00:00]} 41. Rxh3 {[%emt 0:01:16]} Qxb2 {[%emt 0:01:35]} 42. Rh4 {[%emt 0:01:36]} Qb1+ {[%emt 0:01:20]} 43. Kd2 {[%emt 0:00:07]} Qg1 {[%emt 0:00:43]} 44. Ke2 {[%emt 0:00:43]} b5 {[%emt 0:01:22]} 45. Re4 {[%emt 0:00:11]} Qc1 {[%emt 0:00:49]} 46. Kd3 {[%emt 0:00:24]} Qd1+ {[%emt 0:00:47]} 47. Kc3 {[%emt 0:00:13]} f5 {[%emt 0:30:12]} 0-1

[Event "BLR-ch Women 2020"]
[Site "Minsk"]
[Date "2020.10.24"]
[Round "7.1"]
[White "Norman, Kseniya"]
[Black "Poliakova, Varvara"]
[Result "0-1"]
[WhiteElo "1834"]
[BlackElo "1952"]
[Annotator "TA"]
[PlyCount "102"]
[EventDate "2020.10.18"]
[EventType "tourn"]
[EventCountry "BLR"]
[SourceTitle "playchess.com"]
[Source "ChessBase"]
[SourceQuality "1"]

{[%evp 9,102,-15,-2,-8,1,-5,66,62,71,67,110,-11,52,52,69,33,26,-26,-20,-47,40,0,45,0,13,16,0,17,69,0,0,-10,-14,0,-8,-21,-16,-15,-16,-16,19,-35,-25,-28,-28,-132,-117,-139,-139,-139,-125,-238,-197,-193,-204,-193,-137,-147,-117,-106,-106,-231,-243,-318,-304,-1188,-1109,-12841,-725,-12841,-470,-457,-457,-457,-457,-779,-693,-1094,-1151,-1528,-1447,-12830,-12826,-2262,-2070,-6307,-9770,-12842,-12841,-12841,-12840,-12845,-12845,-12845,-12845]} 1. e4 c5 2. Nc3 e6 3. f4 d5 4. d3 Nc6 5. g3 a6 6. Bg2 {[%cal Re4d5] B23: Closed Sicilian: Lines without g3.} Nge7 7. Nh3 {[#]} b5 $146 (7... d4 $11 8. Ne2 h5) ({Predecessor:} 7... g6 8. O-O Bg7 9. e5 O-O 10. Ne2 Nf5 11. c3 b6 12. Nf2 Ra7 13. d4 a5 {0-1 (41) Goh,W (2501)-Jessel,S (2297) chess.com INT 2020}) 8. exd5 $14 {White is slightly better.} exd5 9. O-O $1 b4 10. Ne2 (10. Na4 $16) 10... Bg4 (10... g6 $11) 11. Nf2 Be6 12. g4 {f5 is the strong threat.} g6 13. f5 (13. d4 $142) 13... gxf5 $11 14. Nf4 Qd7 (14... Bg7 $15) 15. c3 (15. d4 $5) 15... bxc3 16. bxc3 (16. Nh5 $5 {[%cal Rh5f6]} Qa7 17. bxc3 $14) 16... Bg7 17. Ba3 Be5 18. Nxe6 Qxe6 (18... fxe6 $11 19. gxf5 Nxf5 20. Qh5+ Kd8) 19. Re1 (19. gxf5 $14 Nxf5 20. Qa4 Bxc3 21. Rac1) 19... Qh6 $1 $36 {[%cal Rh6h2][%mdl 2048] Black is pushing.} 20. d4 Bxh2+ 21. Kf1 O-O 22. Bxc5 Bd6 23. Bxd6 Qxd6 24. gxf5 Kh8 {Hoping for ...Rg8.} 25. Qh5 ({White should try} 25. Qf3 $11) 25... Qf4 $15 26. f6 Qxf6 27. Bxd5 (27. Re3 $1 $11 {remains equal.}) 27... Nxd5 $17 28. Qxd5 Rg8 {Strongly threatening ...Rg3.} 29. Re3 {[#]} Rg5 $1 {[%cal Rg5d5]} 30. Qf3 (30. Qh1 $17) 30... Rf5 31. Qg2 Rg8 32. Rg3 {[%csl Gg2][%cal Rg3g8]} Rfg5 ({Better is} 32... Rxg3 $19 33. Qxg3 Rf3) 33. Rxg5 Rxg5 34. Qe4 Ne7 35. Rb1 {This costs White the game.} (35. Re1 $17 Nf5 36. Qa8+ Kg7 37. Re8) 35... Kg7 $19 {White must now prevent ...Nf5.} 36. Ke1 Nd5 {Threatens to win with ...Rg1+.} 37. Nd1 $2 (37. Ng4 Qg6 38. Qxg6+ hxg6 39. Nh2) 37... Qh6 {Black is clearly winning.} 38. Ke2 Qh3 (38... Qh2+ $142 39. Kd3 Nf4+ 40. Qxf4 Qxf4) 39. Qf3 Nxc3+ (39... Rg2+ $142 40. Nf2 Nxc3+ {[%mdl 64] Double Attack} 41. Ke3 Qxf3+ 42. Kxf3 {[#]} Rxf2+ $1 {[%mdl 576] Double Attack} 43. Kg3 Nxb1 44. Kxf2 a5) 40. Nxc3 Qh2+ ({Don't take} 40... Rg3 41. Rf1 $19) 41. Qf2 {[#]} Rg2 $1 {[%mdl 512]} 42. Qxg2+ (42. Ne4 $142) 42... Qxg2+ {[%mdl 4096] Endgame KQ-KRN} 43. Kd3 h5 44. d5 h4 45. Rd1 h3 46. d6 Kf8 47. d7 Ke7 48. Ke3 Kd8 49. Ne4 f5 50. Nc5 {[#]} f4+ $1 51. Kd4 (51. Kxf4 Qf2+) 51... Qf2+ {Av CentiPawn Loss W=58/B=12. Weighted=-59/-45} 0-1

[Event "BLR-ch Women 2020"]
[Site "Minsk"]
[Date "2020.10.24"]
[Round "7.2"]
[White "Astapchyk, Darya"]
[Black "Ilyuchyk, Yana"]
[Result "0-1"]
[WhiteElo "1506"]
[BlackElo "2119"]
[Annotator "TA"]
[PlyCount "112"]
[EventDate "2020.10.18"]
[EventType "tourn"]
[EventCountry "BLR"]
[SourceTitle "playchess.com"]
[Source "ChessBase"]
[SourceQuality "1"]

{[%evp 20,112,12,-8,0,-31,-7,-8,-22,-27,-23,-49,-45,-58,-45,-47,-23,-30,-28,-36,-10,-106,-110,-106,-22,-29,-31,-30,-5,-20,-17,-82,-43,-52,-56,-101,-86,-87,-89,-99,-118,-110,-5,-5,-10,-85,-41,-42,0,-11,-8,-17,0,0,0,0,0,-9,-16,-199,-138,-138,-138,-149,-138,-141,-137,-316,-300,-574,-499,-565,-263,-319,-316,-352,-312,-422,-193,-427,-422,-344,-338,-29966,-29967,-29965,-29967,-29953,-29950,-4952,-1731,-29983,-29984,-29985,-29985]} 1. e4 c5 2. Nc3 d6 3. g3 g6 4. Bg2 Bg7 5. d3 Nc6 6. Be3 Rb8 7. Qd2 b5 8. Nge2 b4 9. Nd1 Nd4 10. O-O e6 11. f4 Ne7 {B26: Closed Sicilian: 3 g3, lines with early Be3.} 12. c3 (12. a3 {keeps more tension.} b3 13. c3 Nc2 14. Rc1 O-O 15. Bf2) 12... Nxe2+ 13. Qxe2 bxc3 {The position is equal.} 14. bxc3 O-O 15. g4 f5 16. gxf5 exf5 17. Qd2 Qa5 18. Rc1 Be6 {[#]} 19. Re1 $146 ({Predecessor:} 19. Rf2 Rb6 20. d4 fxe4 21. Bxe4 cxd4 22. cxd4 Qxd2 23. Rxd2 d5 24. Rc7 Rf7 25. Rxa7 dxe4 {0-1 (57) Daghan,D (1848)-Gulbeyaz,E (1722) Manavgat 2015}) 19... Rb6 20. c4 (20. Bf2 $11 {keeps the balance.} Bf6 21. exf5 Bxf5 22. Ne3) 20... Qxd2 $17 21. Bxd2 {[#] aiming for exf5.} fxe4 (21... Nc6 $1 $17 22. exf5 Bxf5 23. Bd5+ Kh8 24. Bxc6 Rxc6) 22. Rxe4 $11 Kf7 23. Bc3 {Hoping for Bxg7.} Bh6 24. Ne3 Rfb8 25. Kf2 (25. Re1 $11 {remains equal.} Bf8 26. Re2 {[%mdl 64] Remove Defender}) 25... Rb1 26. Rxb1 Rxb1 27. Kf3 Nf5 28. Bh3 {[#]} Nd4+ $1 {[%mdl 576] Discovered Attack} 29. Bxd4 Bxh3 30. Bc3 Bf5 (30... Rc1 $17 31. Bb2 Rh1) 31. Nxf5 gxf5 {[%mdl 4096] Endgame KRB-KRB} 32. Re2 (32. Re1 $11 Rxe1 33. Bxe1) 32... Rf1+ $17 33. Kg2 Rxf4 34. Rb2 Rg4+ 35. Kf2 Bf4 36. Rb7+ Kg6 37. h3 Rh4 38. Rg7+ Kh6 39. Rxa7 $2 (39. Kg2 $1 $11 {and White has nothing to worry.}) 39... Rxh3 $19 40. Ke2 Re3+ 41. Kd1 Rxd3+ 42. Kc2 Rg3 43. a4 $2 {Loses the game.} (43. Rf7 $17) 43... Be5 44. Bd2+ $2 (44. Bxe5 dxe5 45. Ra5) 44... f4 45. a5 Rg8 (45... Ra3 $142 46. Ra8 Kg7) 46. a6 Kg6 47. Rb7 f3 48. Kd1 Kf6 ({Weaker is} 48... Rf8 49. Ke1 $17) (48... Ra8 $142 49. a7 Bg3) 49. a7 $2 (49. Be1) 49... Rg1+ 50. Kc2 Ra1 {Threatens to win with ...f2.} 51. Rxh7 $2 (51. Rb3 $19) 51... f2 52. a8=Q Rxa8 53. Rh1 Ra1 54. Bc1 Kf5 55. Rf1 Ke4 56. Kd1 Kf3 {Av CentiPawn Loss W=488/B=-48. Weighted=82/-35} 0-1

[Event "BLR-ch Women 2020"]
[Site "Minsk"]
[Date "2020.10.24"]
[Round "7.3"]
[White "Beinenson, Katsiaryna"]
[Black "Zeliantsova, Kseniya"]
[Result "1/2-1/2"]
[WhiteElo "1983"]
[BlackElo "2114"]
[Annotator "TA"]
[PlyCount "129"]
[EventDate "2020.10.18"]
[EventType "tourn"]
[EventCountry "BLR"]
[SourceTitle "playchess.com"]
[Source "ChessBase"]
[SourceQuality "1"]

{[%evp 20,129,27,31,33,30,43,15,24,11,11,11,11,11,11,11,22,21,21,20,36,21,22,30,37,12,24,18,26,10,20,14,20,10,11,11,21,12,27,0,0,0,20,15,16,14,95,97,102,90,85,90,129,103,98,78,77,65,67,72,83,85,98,93,122,119,129,84,105,110,124,120,113,62,43,0,0,0,0,0,0,0,0,0,0,0,0,0,78,78,79,78,78,79,79,78,79,65,65,65,65,65,65,65,65,64,64,64,64,64,64,64]} 1. e4 c5 2. Nf3 Nc6 3. d4 cxd4 4. Nxd4 g6 5. Nc3 Bg7 6. Be3 Nf6 7. Bc4 O-O 8. Bb3 Ng4 9. Qxg4 Nxd4 10. Qd1 Nxb3 11. axb3 d6 {B35: Sicilian: Accelerated Dragon with 5 Nc3: main line.} 12. O-O b6 13. Qd5 Be6 {The position is equal.} 14. Qb7 Bxc3 15. bxc3 Qd7 16. Qxd7 Bxd7 17. c4 {[#]} Rfc8 $146 ({Predecessor:} 17... Bc6 18. f3 Rfb8 19. Ra6 Bb7 20. Ra3 Bc6 21. Rfa1 a5 22. c3 f5 23. exf5 gxf5 {1-0 (36) Niedermayr,H (2245)-Lenz,A (2215) Austria 1995}) 18. Rfd1 Bc6 19. f3 Rc7 20. Ra3 Rb8 21. Ra6 Rbb7 22. Rda1 f6 23. Kf2 Kf7 24. Ke1 Bd7 25. Kd2 e5 26. Kc3 Bc6 27. Rd1 Ke7 28. Bc1 Rb8 29. Ba3 Rd8 30. Kb2 Be8 31. Bb4 Bc6 32. g3 $36 {[%mdl 2048] White is more active.} f5 {[#]} (32... Rdd7 $11 {remains equal.}) 33. f4 $1 $16 {[%cal Rf4e5] Strongly threatening fxe5.} Ke6 34. exf5+ gxf5 35. fxe5 d5 36. Bd6 dxc4 37. bxc4 {[%cal Bb3c4,Bc4c5][%mdl 32]} Rb7 38. Rda1 Rdd7 39. Rf1 Rf7 40. Rf4 Rg7 41. Kc3 Be4 42. c5 Kd5 43. Rf1 Rg8 44. Rd1+ Ke6 45. Rda1 bxc5 46. Bxc5+ (46. Rxa7 $16 Rxa7 47. Rxa7) 46... Kd5 $14 47. R1a5 Rc8 (47... Rc7 $5 48. Rd6+ $8 Kxe5 $11) 48. Rd6+ Kxe5 49. Rd2 Rc6 50. Kc4 a6 51. c3 h5 52. Rd8 Ke6 53. Rh8 Bd5+ (53... Ke5 $11) 54. Kd4 $16 {Hoping for Rh6+.} Bf3 55. Rh6+ Kd7 56. Rxc6 Bxc6 57. Rxa6 {[%mdl 4096] Endgame KRB-KRB} Rb2 58. h4 Rd2+ {White is slightly better.} 59. Ke3 Rd3+ {[%mdl 64] [#] Decoy} 60. Kxd3 {aiming for Rxc6!} Bb5+ 61. Kd4 Bxa6 62. Ke5 Kc6 63. Bd4 Be2 64. Kxf5 Kd5 65. Kf4 {Av CentiPawn Loss W=-7/B=-8. Weighted=-6/-10} 1/2-1/2